Statistics for Countries with Wolverines

Click here to take the quiz!

General Stats

  • This quiz has been taken 44 times
  • The average score is 7 of 8

Answer Stats

Wolverine Country % Correct
Canada
98%
Russia
98%
United States
98%
Finland
90%
Norway
88%
Sweden
88%
Mongolia
80%
China
73%

Score Distribution

Percentile by Number Answered

Percent of People with Each Score

Your Score History

You have not taken this quiz